000 00443nam a22001697a 4500
003 CEME
005 20210628203317.0
008 210302b xxu||||| |||| 00| 0 eng d
040 _c.
082 _a923.5 ALA
100 _aSyed Alam
_964631
245 _aMarkey kargil;19948-99
260 _aISLAMABAD
_bALAM
_c2001
300 _a190P
650 _aCAPT COL SHER KHAN.HAV LALAK JAN.MAJ ABDUL WAHAB.KARGIL CONFLICT
_964632
942 _cBK
_2ddc
999 _c573065
_d573065